000 00301 a2200133 4500
005 20250702070825.0
020 _a978-1-8460-5654-3
082 _a658 FFO
100 _aFFORDE, K.
245 _aA French Affair,
260 _aRandom House,
_bBritain,
_c2013.
300 _a356p,
_c23cm.
942 _2ddc
_cBKS
999 _c6526
_d6526